Political parties in Pakistan / (Record no. 331731)
[ view plain ]
| 000 -LEADER | |
|---|---|
| fixed length control field | 01626cam a2200397 a 4500 |
| 001 - CONTROL NUMBER | |
| control field | 1067345 |
| 003 - CONTROL NUMBER IDENTIFIER | |
| control field | NUST |
| 005 - DATE AND TIME OF LATEST TRANSACTION | |
| control field | 20171019130739.0 |
| 008 - FIXED-LENGTH DATA ELEMENTS--GENERAL INFORMATION | |
| fixed length control field | 910321m19869999pk b 001 0 eng |
| 010 ## - LIBRARY OF CONGRESS CONTROL NUMBER | |
| LC control number | 90931465 |
| 020 ## - INTERNATIONAL STANDARD BOOK NUMBER | |
| International Standard Book Number | 9694150027 (v. 1): |
| Terms of availability | Rs90.00 ($12.00 U.S.) |
| 020 ## - INTERNATIONAL STANDARD BOOK NUMBER | |
| International Standard Book Number | 9694150043 (v. 2): |
| Terms of availability | Rs120.00 ($15.00 U.S.) |
| 020 ## - INTERNATIONAL STANDARD BOOK NUMBER | |
| Terms of availability | 9694150515(v.3) |
| 040 ## - CATALOGING SOURCE | |
| Original cataloging agency | DLC |
| Transcribing agency | DLC |
| Modifying agency | DLC |
| 043 ## - GEOGRAPHIC AREA CODE | |
| Geographic area code | a-pk--- |
| 050 00 - LIBRARY OF CONGRESS CALL NUMBER | |
| Classification number | JQ559.A45 |
| Item number | A35 1986 |
| 082 00 - DEWEY DECIMAL CLASSIFICATION NUMBER | |
| Classification number | 324.25491009 |
| Author Mark | AFZ |
| 100 1# - MAIN ENTRY--PERSONAL NAME | |
| Personal name | Afzal, M. Rafique. |
| 9 (RLIN) | 5540 |
| 245 10 - TITLE STATEMENT | |
| Title | Political parties in Pakistan / |
| Statement of responsibility, etc. | M. Rafique Afzal. |
| 250 ## - EDITION STATEMENT | |
| Edition statement | 2nd ed. |
| 260 ## - PUBLICATION, DISTRIBUTION, ETC. | |
| Place of publication, distribution, etc. | Islamabad : |
| Name of publisher, distributor, etc. | National Institute of Historical and Cultural Research, |
| Date of publication, distribution, etc. | 1998 |
| 300 ## - PHYSICAL DESCRIPTION | |
| Extent | v. <1-3 > ; |
| Dimensions | 25 cm. |
| 490 1# - SERIES STATEMENT | |
| Series statement | Historical studies (Pakistan) series; |
| Volume/sequential designation | 2-3; 15 |
| 490 1# - SERIES STATEMENT | |
| Series statement | NIHCR publication ; |
| Volume/sequential designation | no. 98 |
| 504 ## - BIBLIOGRAPHY, ETC. NOTE | |
| Bibliography, etc. note | Includes bibliographical references and index. |
| 505 1# - FORMATTED CONTENTS NOTE | |
| Formatted contents note | Contents: v. 1. 1947-1958 -- v. 2. 1958-1969 -- v. 3. 1969-1971. |
| 590 ## - LOCAL NOTE (RLIN) | |
| Local note | In English. |
| 650 #0 - SUBJECT ADDED ENTRY--TOPICAL TERM | |
| Topical term or geographic name entry element | Political parties |
| Geographic subdivision | Pakistan |
| General subdivision | History. |
| 9 (RLIN) | 5541 |
| 651 #0 - SUBJECT ADDED ENTRY--GEOGRAPHIC NAME | |
| Geographic name | Pakistan |
| General subdivision | Politics and government. |
| 9 (RLIN) | 206 |
| 830 #0 - SERIES ADDED ENTRY--UNIFORM TITLE | |
| Uniform title | Historical studies (Pakistan) series ; 2, etc. |
| 9 (RLIN) | 5542 |
| 830 #0 - SERIES ADDED ENTRY--UNIFORM TITLE | |
| Uniform title | N.I.H.C.R. publication ; |
| Volume/sequential designation | no. 98, etc. |
| 9 (RLIN) | 5543 |
| 906 ## - LOCAL DATA ELEMENT F, LDF (RLIN) | |
| a | 7 |
| b | cbc |
| c | orignew |
| d | 2 |
| e | ncip |
| f | 19 |
| g | y-gencatlg |
| 942 ## - ADDED ENTRY ELEMENTS (KOHA) | |
| Source of classification or shelving scheme | |
| Koha item type | Book |
| Withdrawn status | Lost status | Source of classification or shelving scheme | Damaged status | Not for loan | Collection code | Permanent Location | Current Location | Shelving location | Date acquired | Serial Enumeration / chronology | Total Checkouts | Total Renewals | Full call number | Barcode | Date last seen | Date last checked out | Copy number | Price effective from | Koha item type |
|---|---|---|---|---|---|---|---|---|---|---|---|---|---|---|---|---|---|---|---|
| Central Library (CL) | Central Library (CL) | Book Cart | 10/19/2017 | vol. 2 | 1 | 2 | 324.25491009 AFZ | CL2435 | 08/24/2021 | 01/16/2019 | 2 | 10/19/2017 | Book | ||||||
| Central Library (CL) | Central Library (CL) | Book Cart | 10/19/2017 | vol. 3 | 324.25491009 AFZ | CL431 | 10/19/2017 | 3 | 10/19/2017 | Book | |||||||||
| Central Library (CL) | Central Library (CL) | Book Cart | 10/19/2017 | vol. 1 | 324.25491009 AFZ | CL430 | 10/19/2017 | 1 | 10/19/2017 | Book |
